00522nam a2200169Ia 4500003000900000008004100009040001600050080001600066100002200082245008200104260006800186300001500254490001700269650004100286650000900327650001600336IN-BaIIA211028s9999 xx 000 0 eng d cIIA Library a523.43bGLA aGlasstone, Samuel 4aThe book of marscSamuel Glasstone  aWashingtonbNational Aeronautics and Space Administrationc1968 avii, 315p. aNASA SP; 179 aAstronomy and astrophysics thesaurus aMars aPlanet Mars